Historical countries under control of Anatolia - Statistics

General Stats
  • This quiz has been taken 163 times
  • The average score is 9 of 16
Answer Stats
Hint Answer % Correct
1923 - Present Turkey
97%
1397 - 1923 AD Ottoman Empire
93%
334 - 323 BC Macedonia
89%
27 BC - 395 AD Roman Empire
86%
395 - 1071 AD Byzantine Empire
85%
1139 - 1204 AD Byzantine Empire
84%
546 - 334 BC Achaemenid Empire
77%
133 - 27 BC Roman Republic
63%
1077 - 1139 AD Sultanate of Rum
62%
17th - 12th centuries BC Hittites
54%
301 - 188 BC Seleucid Empire
34%
7th - 546 BC Lydia
33%
1204 - 1243 AD Sultanate of Rum
33%
1243 - 1300 AD Mongols
25%
188 - 133 BC Pergamon
9%
8th - 7th centuries BC Phygians
6%
No matching quizzes found
Score Distribution
Percent of People with Each Score
Percentile by Number Answered
Your Score History
You have not taken this quiz